000
00311nam a2200109Ia 4500
008
200302s9999 xx 000 0 und d
100
_a
D Krishnamurthy
245
_a
Structural Design and Drawing Vol 2 Concret Structures
260
_b
CBS Publishers and Distributors Pvt. Ltd
260
_c
2014
300
_a
351 P.,
999
_c
5004
_d
5004